000
00258nam a2200097Ia 4500
001
807711
005
20250826171236.0
008
250824s9999 xx 000 0 und d
245
0
_a
TARİHİ DEĞİŞTİREN KONUŞMALAR
_c
ALİ ÇİMEN
260
_b
TİMAŞ YAYINLARI
999
_c
807711
_d
807711